Best practices in marketing and their impact on quality of life

Bibliographic Details
Other Authors: Alves, Helena (Editor)
Format: Book
Language:English
PhysicalDescription:260 strán grafy, obrázky, tabuľky 24 cm
Published: Dordrecht Heidelberg New York London Springer [2013]
ISBN:9789400758773
9789400758780
Subjects:

MARC

LEADER 00000cam a2200000 a 4500
001 vtls011467957
003 SK-MaSNL
005 20260301175922.0
008 220509s2013 ne a g n 001 0 eng
015 |a SNBZSA2016 
020 |a 9789400758773  |q (viazané) 
020 |a 9789400758780  |q (eBook) 
035 |a urn:nbn:sk:snk-am00gk7z 
035 |a urn:nbn:sk:snk-am3j4ik 
035 |a 39C2A9D1-FA61-4F74-8733-050049C61FCB 
040 |a SNK  |b slo  |c SNK  |e rda 
041 0 |a eng 
044 |a ne  |c NL  |a gw  |c DE  |a xxu  |c US  |a xxk  |c GB 
072 7 |a 339  |x Obchod  |2 konspekt 
072 7 |a 658  |x Riadenie a správa podniku  |2 konspekt 
080 |a 339.138  |2 2001 
080 |a 658.8  |2 2001 
080 |a 316.728-021.465  |2 2001 
080 |a 33  |2 2001 
080 |a 339  |2 2001 
080 |a (048.8)  |2 2001 
080 |a 159.9  |2 2001 
245 0 0 |a Best practices in marketing and their impact on quality of life  |c editors: Helena Alves, José Luis Vásquez 
264 1 |a Dordrecht  |a Heidelberg  |a New York  |a London  |b Springer  |c [2013] 
264 4 |c ©2013 
300 |a 260 strán  |b grafy, obrázky, tabuľky  |c 24 cm 
504 |a Bibliografia za jednotlivými kapitolami, register 
650 0 7 |a marketing  |2 SNKPH  |9 2299 
650 0 7 |a psychologické aspekty  |2 SNKPH  |9 3875 
650 0 7 |a kvalita života  |2 SNKPH  |9 1705 
650 0 7 |a ekonomika  |2 SNKPH  |9 789 
650 0 7 |a obchod  |2 SNKPH  |9 2198 
650 0 7 |a marketing  |2 SNKPHeng  |9 2299 
650 0 7 |a Psychological aspects  |2 SNKPHeng  |9 154293 
650 0 7 |a Quality of life  |2 SNKPHeng  |9 265996 
650 0 7 |a Economics  |2 SNKPHeng  |9 265310 
650 0 7 |a Trade  |2 SNKPHeng  |9 266765 
655 7 |a štúdie  |2 SNKPH  |9 57033 
655 7 |a Studies  |2 SNKPHeng  |9 265573 
700 1 |a Alves, Helena  |4 edt  |9 550458 
852 |a Slovenská národná knižnica 
919 |a 978-94-007-5877-3 
958 |a ZS 
958 |a NB 
999 |c 844501  |d 846431 
952 |a SNK  |b SNK  |y PREZ  |7 0  |p 17A1177811  |o snkSC 167799  |i snk2016/1944  |8 4  |g 127.36  |0 0  |1 0  |4 0  |d 2016-01-21  |f 1  |l 0  |r 2026-02-24 04:22:40  |w 2026-02-24 
952 |a SNK  |b SNK  |y VYP  |7 0  |p 17A1177810  |o snkSC 167799 D1  |i snk2016/1945  |8 4  |g 127.36  |0 0  |1 0  |4 0  |d 2016-01-21  |l 0  |r 2026-02-24 04:22:40  |w 2026-02-24